|
|
|
|
| LEADER |
00000nab a2200000 a 4500 |
| 001 |
vtls000560361 |
| 003 |
SK-MaSNL |
| 005 |
20260303101109.0 |
| 008 |
220422c1990 xo 0 slo |
| 015 |
|
|
|a SNBRB19rr/mm-uuuuu
|
| 035 |
|
|
|a CL0560499
|
| 040 |
|
|
|a SNKBUCL
|b slo
|c SNKBUCL
|e AACR2
|
| 041 |
0 |
|
|a slo
|
| 044 |
|
|
|a xo
|c SK
|
| 080 |
|
|
|a 616.233-002
|2 1981
|
| 100 |
1 |
|
|a Bajan, Anton,
|d 1927-2009
|4 aut
|9 117001
|
| 245 |
1 |
0 |
|a Patogenetické a klinické aspekty chronickej bronchitídy vo vyšších vekových skupinách
|c Anton Bajan
|
| 300 |
|
|
|b Graf 1, res. angl., lit. 3 zázn. v angl., nem.
|
| 650 |
0 |
7 |
|a bronchitída chronická
|2 snkbucl
|9 926351
|
| 650 |
0 |
7 |
|a seniori
|2 snkbucl
|9 117453
|
| 655 |
|
7 |
|a články z novín a časopisov
|2 snkbucl
|9 267496
|
| 773 |
0 |
|
|t Studia pneumologica et phtiseologica cechoslovaca
|g Roč. 50, č. 9 (1990), s. 589-591
|x 0371-2226
|
| 850 |
|
|
|a Slovenská národná knižnica v Martine
|a MTA001
|
| 852 |
|
|
|a SNK
|b KIS3GCP
|
| 958 |
|
|
|a NB
|
| 958 |
|
|
|a RK
|
| 958 |
|
|
|a ME
|
| 992 |
|
|
|a RBX
|
| 999 |
|
|
|c 1836875
|d 1838805
|